Αλλόχθονα είδη στη Μεσόγειο και τις ελληνικές θάλασσες : μια ιστορική αναδρομή και κριτική επισκόπηση

Αποθηκεύτηκε σε:
Λεπτομέρειες βιβλιογραφικής εγγραφής
Κύριος συγγραφέας: Ιατρόπουλος, Ευθύμιος
Συγγραφή απο Οργανισμό/Αρχή: Πανεπιστήμιο Αιγαίου Σχολή Περιβάλλοντος Τμήμα Επιστημών της Θάλασσας
Άλλοι συγγραφείς: Κουτσούμπας, Δρόσος (Εισηγητής διατριβής)
Μορφή: Thesis Βιβλίο
Γλώσσα:Greek
Δημοσίευση: 2009
Θέματα:
Διαθέσιμο Online:http://hdl.handle.net/11610/7073
Ετικέτες: Προσθήκη ετικέτας
Δεν υπάρχουν, Καταχωρήστε ετικέτα πρώτοι!

MARC

LEADER 00000cam a2200000 i 4500
001 1/7619
008 100519s2009 gre d
035 |l 10107929 
040 |a GR-MY-UA  |b gre  |e aacr 
041 0 |a gre 
082 0 |a 577.718  |2 (22) 
100 1 |a Ιατρόπουλος, Ευθύμιος. 
245 1 0 |a Αλλόχθονα είδη στη Μεσόγειο και τις ελληνικές θάλασσες :  |b μια ιστορική αναδρομή και κριτική επισκόπηση /  |c Ιατρόπουλος Ευθύμιος ; επιβλέπων: Δ. Κουτσούμπας 
260 |c 2009 
300 |a 51 σ.;  |b εικ.;  |c 30 εκ. 
502 |a Πτυχιακή εργασία – Πανεπιστήμιο Αιγαίου, Λέσβος, 2009. 
504 |a Βιβλιογραφία: σ. 31-34 
650 0 0 |a Biological invasions  |z Mediterranean Sea. 
650 0 0 |a Marine biological invasions  |z Mediterranean Sea. 
650 0 0 |a Dissertations, Academic  |z Greece. 
700 1 |4 ths  |a Κουτσούμπας, Δρόσος. 
710 2 |a Πανεπιστήμιο Αιγαίου  |b Σχολή Περιβάλλοντος  |b Τμήμα Επιστημών της Θάλασσας. 
852 |a INST  |b LESVOS  |c DIATR  |e 20100519  |h 375  |p 005100047136  |q 005100047136  |t DIE  |y 23 
852 |a INST  |b LESVOS  |c DIATR  |e 20100519  |h 376  |p 005100047137  |q 005100047137  |t DIE  |y 23 
856 |u http://hdl.handle.net/11610/7073 
901 |a BIBL1-2010-2 
909 |a Λ  |b 164135 
909 |a Λ  |b 164136 
924 |a ΙΑΤΡΟΠΟΥΛΟΣ  |b ΕΥΘΥΜΙΟΣ  |y ΛΕΣΒΟΣ  |z 2009-09 
970 |a ΤΖΑΦΕΡΗ  |b ΕΥΑΓΓΕΛΙΑ  |z 2010/05/19